| 000 | 00515nam a22001697a 4500 | ||
|---|---|---|---|
| 008 | 230620b |||||||| |||| 00| 0 eng d | ||
| 020 | _a81-224-0584-3 | ||
| 040 |
_aNational Science Library _cNational Science Library |
||
| 080 |
_aR 631(540):016 _bN3 |
||
| 100 |
_aVijayalakshmi, K _912030 |
||
| 245 |
_aTraditional Indian agriculture: _bAn annotated bibliography |
||
| 260 |
_aNew Delhi: _bWiley Eastern Limited, _c1993 |
||
| 300 | _a113p. | ||
| 650 | _aScience | ||
| 653 | _aAgriculture | ||
| 942 |
_2udc _cBK |
||
| 999 |
_c45239 _d45239 |
||